| 000 | 00697nam a2200121Ia 4500 | ||
|---|---|---|---|
| 008 | 220615s9999||||xx |||||||||||||| ||und|| | ||
| 100 | _aBarclay, Kate||Cartwright, Ian | ||
| 245 | 0 | _aCapturing the Wealth From Tuna: case stude's from the Pacific | |
| 546 | _aEnglish[eng] | ||
| 650 | _aeconomic aspects||law and legislation||island of the pacific||fishing||Fiji||Kiribati||Longline fishing||Marshall Islands||Papua New Guinea||Seine fishing||Solomon Islands||Tuna | ||
| 856 | _uhttps://library.oapen.org/bitstream/20.500.12657/33803/1/458838.pdf||https://library.oapen.org/bitstream/20.500.12657/33803/1/458838.pdf||https://library.oapen.org/bitstream/20.500.12657/33803/1/458838.pdf | ||
| 942 | _cEB | ||
| 999 |
_c17089 _d17089 |
||